000 00289nam a2200121 a 4500
008 110104s1986|||| d
100 1 _aLenin, Vladimir Iljič
245 1 0 _aZobrané spisy./Zv./33
260 _bPravda
_aBratislava
_c1986
020 _c15
041 _aslo
044 _axo
_cSK
999 _c15449
_d15449